000 00569nam a2200181 a 4500
005 20140412111241.0
008 000831s19uu xx 00 eng d
020 _a0-201-19320-5
050 _aBB
_bGi433 1989
245 _aThe Gingerbread man, level a /
_cAddison - Wesley ; illustrator by John Sandford.
260 _aReading, Massachusetts :
_bAddison-Wesley Publishing Company,
_c1989.
300 _a16 p.
440 _aAddison-Wesley
500 _aIllustrated big book
650 _aGingerbread-Fiction
_xMan
650 _aChildren's stories
999 _c102706
_d102706